| 000 | 00560nam a2200217 a 4500 | ||
|---|---|---|---|
| 001 | BS0000614 | ||
| 003 | BR-BrBNA | ||
| 005 | 20231110132834.0 | ||
| 008 | 230308b |||||||| |||| 00| 0 por d | ||
| 040 |
_aBR-BrBNA _bpor _cBiblioteca Nacional de Agricultura |
||
| 041 | _apor | ||
| 072 | _aU00 | ||
| 090 |
_aU00 _bBS0000614 |
||
| 100 | 1 | _aFortuna | |
| 245 | 1 | _aAcho tudo muito estranho (já o prof. Reginaldo, não). / | |
| 260 | 3 |
_aSão Paulo: _bAnita Garibaldi, _c1992. |
|
| 300 | _a126 p. | ||
| 650 | _aHUMOR | ||
| 650 | _aHUMORISMO | ||
| 942 |
_cBK _2AGRIS |
||
| 999 |
_c5676 _d5676 |
||